000
00318nam a2200133Ia 4500
005
20251222141801.0
008
251222s9999||||xx |||||||||||||| ||spa||
082
_a
869.56/T12
100
_a
Tácunan Bonifacio, Santiago
245
2
_a
A Orillas del Río
250
_a
1ra.ed.
264
_b
Editorial Trama
942
_c
LIB
999
_c
6142
_d
6142